000 00659cam a2200217 4500500
005 20260405001241.0
041 _afre
042 _adc
100 1 0 _aPortevin, Catherine
_eauthor
245 0 0 _aFrançois Bayrou, Tzvetan Todorov. Exercice d’équilibre
260 _c2012.
500 _a58
690 _aFrançois Bayrou
690 _aLaïcité
690 _aModération
690 _aPolitique
690 _aPopulisme
690 _aTzvetan Todorov
786 0 _nPhilosophie magazine | 57 | 3 | 2012-03-01 | p. 3-15 | 1951-1787
856 4 1 _uhttps://shs.cairn.info/magazine-philosophie-magazine-2012-3-page-3?lang=fr&redirect-ssocas=7080
999 _c2045575
_d2045575